2503-伊勢市(三重県)の駅 - Statistics

General Stats
  • This quiz has been taken 24 times
  • The average score is 7 of 12
Answer Stats
Answer % Correct
伊勢市
100%
宇治山田
100%
五十鈴川
89%
朝熊
74%
明野
63%
小俣
58%
二見浦
53%
宮町
53%
五十鈴ヶ丘
47%
山田上口
42%
松下
37%
宮川
32%
No matching quizzes found
Score Distribution
Percent of People with Each Score
Percentile by Number Answered
Your Score History
You have not taken this quiz